[Event "Nettetal op"]
[Site "Nettetal"]
[Date "2010.07.09"]
[Round "7"]
[White "Lenaerts, Lennert"]
[Black "Dujmovic, Mate"]
[Result "1-0"]
[WhiteElo "1729"]
[BlackElo "1430"]
[PlyCount "33"]
[EventDate "2010.07.03"]
[EventType "swiss"]
[EventRounds "9"]
[EventCountry "GER"]
[SourceTitle "CBM 137 Extra"]
[Source "ChessBase"]
[SourceDate "2010.09.01"]
[SourceVersion "1"]
[SourceVersionDate "2010.09.01"]
[SourceQuality "1"]

1. d4 d5 2. Nf3 e6 3. e3 Be7 4. Bd3 Nf6 5. 0-0 Nc6 6. a3 0-0 7. b3 Bd7 8. Bb2 a6 9. Nbd2 Bd6 10. Ne5 Bc8 11. f4 Ne7 12. c4 Nc6 13. c5 Be7 14. Rf3 Nd7 15. Bxh7+ Kxh7 16. Rh3+ Kg8 17. Qh5 1-0

[Event "Nettetal op"]
[Site "Nettetal"]
[Date "2010.07.05"]
[Round "3"]
[White "Van der Grinten, Bas"]
[Black "Dujmovic, Mate"]
[Result "1-0"]
[WhiteElo "1938"]
[BlackElo "1430"]
[PlyCount "119"]
[EventDate "2010.07.03"]
[EventType "swiss"]
[EventRounds "9"]
[EventCountry "GER"]
[SourceTitle "CBM 137 Extra"]
[Source "ChessBase"]
[SourceDate "2010.09.01"]
[SourceVersion "1"]
[SourceVersionDate "2010.09.01"]
[SourceQuality "1"]

1. e4 e6 2. Nf3 d6 3. d4 Be7 4. Nc3 Bd7 5. Bf4 c6 6. Bd3 Nf6 7. 0-0 0-0 8. e5 dxe5 9. dxe5 Nd5 10. Bd2 Bc8 11. Ne4 Nd7 12. c4 Nb4 13. Bb1 Na6 14. Qc2 g6 15. Bc3 Nac5 16. Ng3 Bh4 17. b4 Na6 18. Qc1 Be7 19. Qh6 f5 20. exf6 Bxf6 21. Ng5 Qe7 22. Bxf6 Nxf6 23. a3 Ng4 24. Qh4 Nf6 25. Bc2 c5 26. b5 Nc7 27. Rfe1 Qg7 28. N5e4 Nce8 29. Nxc5 Nc7 30. Rad1 b6 31. Nce4 Rb8 32. Nxf6+ Qxf6 33. Qxf6 Rxf6 34. Ne4 Rf4 35. Rd8+ Rf8 36. Nf6+ Kg7 37. Rxf8 Kxf8 38. Nxh7+ Kg7 39. Ng5 Kf6 40. Nf3 Bb7 41. Ne5 Rd8 42. Bxg6 a6 43. a4 axb5 44. axb5 Rg8 45. Be4 Bc8 46. Bc6 Rg7 47. f4 Kf5 48. g3 Rg8 49. Kf2 Rh8 50. Kf3 Kf6 51. h4 Ne8 52. Rd1 Ng7 53. Be4 Nf5 54. Bxf5 Kxf5 55. Rd6 Bb7+ 56. Ke3 Ra8 57. g4+ Kf6 58. Rd7 Ra3+ 59. Kd4 Bh1 60. Rf7# 1-0

[Event "Nettetal op"]
[Site "Nettetal"]
[Date "2010.07.04"]
[Round "2"]
[White "Dujmovic, Mate"]
[Black "Mengerink, Ynze"]
[Result "0-1"]
[WhiteElo "1430"]
[BlackElo "2080"]
[PlyCount "86"]
[EventDate "2010.07.03"]
[EventType "swiss"]
[EventRounds "9"]
[EventCountry "GER"]
[SourceTitle "CBM 137 Extra"]
[Source "ChessBase"]
[SourceDate "2010.09.01"]
[SourceVersion "1"]
[SourceVersionDate "2010.09.01"]
[SourceQuality "1"]

1. e4 c6 2. Nf3 d5 3. e5 Bg4 4. Be2 e6 5. 0-0 c5 6. d3 Nc6 7. c3 Bxf3 8. Bxf3 Nxe5 9. d4 Nxf3+ 10. Qxf3 Qc7 11. Na3 a6 12. Bf4 Bd6 13. Bxd6 Qxd6 14. Nc2 Ne7 15. Rad1 0-0 16. b3 b5 17. Rfe1 Rac8 18. Rc1 Rc7 19. g3 Rfc8 20. dxc5 Rxc5 21. Nd4 h6 22. b4 Rc4 23. a3 Nc6 24. Nb3 Ne5 25. Qe3 Re4 26. Qa7 Rxe1+ 27. Rxe1 Nf3+ 28. Kf1 Nxe1 29. Kxe1 Qe5+ 30. Kf1 Rxc3 31. Nc5 Rc2 32. Kg2 Qf5 33. Nd7 h5 34. Qb8+ Kh7 35. Qb6 d4 36. Nf8+ Kh6 37. Qxd4 Qd5+ 38. Qxd5 exd5 39. Nd7 Rc3 40. h4 Rxa3 41. Nc5 Ra4 42. Kf3 Rxb4 43. Nxa6 Rc4 0-1